The business of WiMAX /

Bibliographic Details
Main Author: Pareek, Deepak
Format: Book
Language:English
Published: Chichester, England ; Hoboken, NJ : John Wiley, [2006]
Subjects:

MARC

Tag First Indicator Second Indicator Subfields
LEADER 00000cam a2200000 a 4500
001 in00002175821
005 20151104054349.0
008 051023s2006 enka b 001 0 eng
015 |a GBA631554  |2 bnb 
016 7 |a 013426102  |2 Uk 
020 |a 047002691X (hbk.) 
024 3 |a 9780470026915 (hbk.) 
035 |a (OCoLC)ocm64959153 
040 |a UKM  |c UKM  |d BAKER  |d BWKUK  |d UtOrBLW 
049 |a TXAM 
050 4 |a TK5103.2  |b .P36 2006 
082 0 4 |a 004.62  |2 22 
100 1 |a Pareek, Deepak. 
245 1 4 |a The business of WiMAX /  |c Deepak Pareek. 
264 1 |a Chichester, England ;  |a Hoboken, NJ :  |b John Wiley,  |c [2006] 
264 4 |c ©2006 
300 |a xi, 315 pages :  |b illustrations ;  |c 24 cm. 
336 |a text  |b txt  |2 rdacontent 
337 |a unmediated  |b n  |2 rdamedia 
338 |a volume  |b nc  |2 rdacarrier 
504 |a Includes bibliographical references (pages [309]-311) and index. 
650 0 |a IEEE 802.16 (Standard) 
938 |a Baker & Taylor  |b BKTY  |c 65.00  |d 65.00  |i 047002691X  |n 0006635991  |s active 
945 |i PromptCat 
946 |a west,stk 
947 |a A14834141071 
948 |a cataloged  |b h  |c 2006/6/28  |d c  |e bwalker  |f 9:58:21 am 
994 |a 92  |b TXA 
999 |a MARS 
999 f f |s fac3728a-1cab-37f1-a6b5-b2abbc62696d  |i 13fb68b5-ea66-3340-98ef-9346e8846318  |t 0 
952 f f |p ric  |a Texas A&M University  |b Rellis Campus  |c Joint Library Facility  |d Remote Storage  |t 0  |e TK5103.2 .P36 2006  |h Library of Congress classification  |i unmediated -- volume  |m A14834141071 
998 f f |a TK5103.2 .P36 2006  |t 0  |l Remote Storage